Pengurusan sumber manusia : (Record no. 3424)

000 -LEADER
fixed length control field nam a22 a 4500
003 - CONTROL NUMBER IDENTIFIER
control field AKMAL
005 - DATE AND TIME OF LATEST TRANSACTION
control field 20170522163942.0
008 - FIXED-LENGTH DATA ELEMENTS--GENERAL INFORMATION
fixed length control field 170522s1995 my 00 may d
020 ## - INTERNATIONAL STANDARD BOOK NUMBER
International Standard Book Number 9836240543 (kkt.):
Terms of availability RM 40.00
040 ## - CATALOGING SOURCE
Original cataloging agency AKMAL
082 04 - DEWEY DECIMAL CLASSIFICATION NUMBER
Classification number 658.3 CAS
090 ## - LOCALLY ASSIGNED LC-TYPE CALL NUMBER (OCLC); LOCAL CALL NUMBER (RLIN)
Classification number (OCLC) (R) ; Classification number, CALL (RLIN) (NR) 658.3
Local cutter number (OCLC) ; Book number/undivided call number, CALL (RLIN) CAS
100 1# - MAIN ENTRY--PERSONAL NAME
Personal name Cascio, Wayne F.
9 (RLIN) 6901
245 10 - TITLE STATEMENT
Title Pengurusan sumber manusia :
Remainder of title produktiviti,kualiti kehidupan bekerja,keuntungan /
Statement of responsibility, etc. Wayne F.Cascio ; penterjemah Mohamad Salmi Mohd Sohod, Siti Nadzrah Sheikh Omar
260 ## - PUBLICATION, DISTRIBUTION, ETC.
Place of publication, distribution, etc. Kuala Lumpur :
Name of publisher, distributor, etc. Dewan Bahasa dan Pustaka,
Date of publication, distribution, etc. 1995
300 ## - PHYSICAL DESCRIPTION
Extent xxxii, 687ms. :
Other physical details il. ;
Dimensions 24cm
500 ## - GENERAL NOTE
General note Terjemahan dari: Managing human resources:Productivuty, quality of work life, profits, 2nd. ed. - New York:Mc.Graw-Hill, 1989
504 ## - BIBLIOGRAPHY, ETC. NOTE
Bibliography, etc. note Mengandungi rujukan bibliografi
650 ## - SUBJECT ADDED ENTRY--TOPICAL TERM
Topical term or geographic name entry element Personnel management
9 (RLIN) 602
700 0# - ADDED ENTRY--PERSONAL NAME
Personal name Mohamad Salmi Mohd. Sohod
9 (RLIN) 6902
700 0# - ADDED ENTRY--PERSONAL NAME
Personal name Siti Nadzrah Sheikh Omar
9 (RLIN) 6074
942 ## - ADDED ENTRY ELEMENTS (KOHA)
Source of classification or shelving scheme
Koha item type Book
Holdings
Withdrawn status Lost status Source of classification or shelving scheme Damaged status Not for loan Collection code Home library Current library Shelving location Date acquired Inventory number Total Checkouts Full call number Barcode Date last seen Price effective from Koha item type
          NON-FICTION AKMAL Melaka AKMAL Melaka PINJAMAN 22.05.2017 001738   658.3 CAS 201704161 22.05.2017 22.05.2017 Book
Pusat Sumber Maklumat Dato' Haji Sarmin Md Hussin, Akademi Kastam Diraja Malaysia, Melaka
Tel: 06-2331106 | Faks: 06-2313787